| 000 | 00000nas##2200000za#4500 |
| 001 | 9.506834 |
| 003 | CaOODSP |
| 005 | 20200331212040 |
| 007 | cr ||||||||||| |
| 008 | 150406c2004||||xxc|| p o||||f| |0eng|d |
| 022 | |a1719-9379 |
| 040 | |aCaOODSP|beng |
| 043 | |an-cn--- |
| 086 | 1 |aTT2-1E-PDF |
| 110 | 2 |aCanadian Transportation Agency. |
| 245 | 10|aAir travel complaints report |h[electronic resource] |
| 260 | |aOttawa - Ontario : |bCanadian Transportation Agency |
| 310 | |aSemi-annual |
| 362 | 1 |aJan. 1/June 30, 2004-- |
| 690 | 07|aAviation|2gcpds |
| 690 | 07|aComplaints|2gcpds |
| 775 | 08|tRapport sur les plaintes relatives au transport aérien |w(CaOODSP)9.503230 |
| 780 | 00|tThe Air Travel Complaints Commissioner's report |w(CaOODSP)9.506812 |